000 00529nam a2200181 i 4500
001 90319
003 ES-MaACL
005 20230906180418.0
007 t|
008 050119s1967 sp ||||1| spa d
245 0 0 _aLegislación extranjera sobre secretos oficiales.
260 _a[Madrid :
_bMinisterio de Información y Turismo, Dirección General de Prensa,
_c1967]
300 _a96 p. ;
_c32 cm.
490 1 _aDocumenta
830 0 _aDocumenta
_9178578
852 _aES-MaACL
_jC-33366
_bR.63297
999 _c90319
_d90319